Dovhoričnyj dobryj spivrobitnyk

Bibliographic Details
Main Authors: Švantner, František, 1912-1950 (Author), Zozuľak, O. (Author), Zozuľák, Alexander, 1953- (Author)
Format: Article
Language:Ukrainian
PhysicalDescription:Obr. 1.
Subjects:

MARC

LEADER 00000nab a2200000 a 4500
001 vtls000271717
003 SK-MaSNL
005 20260318121639.0
008 240402c1986 xo 0 ukr
015 |a SNBRB19rr/mm-uuuuu 
035 |a CL0281831 
040 |a SNKBUCL  |b slo  |c SNKBUCL  |e AACR2 
041 0 |a ukr 
044 |a xo  |c SK 
080 |a 07(437=83)  |2 1981 
100 1 |a Švantner, František,  |d 1912-1950  |4 aut  |9 107863 
245 1 0 |a Dovhoričnyj dobryj spivrobitnyk  |c František Švantner, O. Zozuľak ; Oleksandr Zozuljak 
300 |b Obr. 1. 
630 0 7 |a Nove žyttja (noviny)  |2 snkbucl  |9 1253065 
655 7 |a články z novín a časopisov  |2 snkbucl  |9 267496 
700 1 |a Zozuľak, O.  |4 aut  |9 927813 
700 1 |a Zozuľák, Alexander,  |d 1953-  |4 aut  |9 103738 
773 0 |t Nove žyttja  |g Roč. 36, č. 32 (8. 8. 1986), s. 7 
850 |a Slovenská národná knižnica v Martine  |a MTA001 
852 |a SNK  |b KIS3GCP 
958 |a RK 
958 |a UK 
992 |a RBX 
999 |c 3237539  |d 3239469